| 000 | 01822nam2a2200241 4500 | ||
|---|---|---|---|
| 001 | RU\NLR\BIBL_A\010827572 | ||
| 005 | 20250614103241.0 | ||
| 010 |
_a978-5-7422-4852-1 _bч. 1 |
||
| 021 |
_aRU _b2015-51632 _93054 |
||
| 035 | _a(NLR Aleph) 010827572 | ||
| 090 |
_a10271767 _c10271767 |
||
| 100 | _a20150901d2015 |||y0rusy50 ca | ||
| 101 | 0 |
_arus _aeng _deng |
|
| 102 | _aRU | ||
| 105 | _aa z 100yy | ||
| 200 | 0 | _aЧ. 1 | |
| 210 |
_d2015 _aБ. м. |
||
| 215 |
_a523 с. _cил. |
||
| 461 | 0 |
_1001RU\NLR\BIBL_A\010854447 _12000#$aМатериалы Научно-практической конференции, 1-6 декабря 2014 года, [проходившей в рамках форума]$fМ-во образования и науки Рос. Федерации, С.-Петерб. гос. политехн. ун-т, Инженер.-экон. ин-т, "Науч. форум с междунар. участием "Неделя науки СПбГУ"$vЧ. 1 _910389557 _aСанкт-Петербургский государственный политехнический университет. Инженерно-экономический институт (2014) _cСанкт-Петербург _d2015 _fМ-во образования и науки Рос. Федерации, С.-Петерб. гос. политехн. ун-т, Инженер.-экон. ин-т, "Науч. форум с междунар. участием "Неделя науки СПбГУ" _nИзд-во Политехнического университета _tМатериалы Научно-практической конференции, 1-6 декабря 2014 года, [проходившей в рамках форума] _y9785742248514 _vЧ. 1 |
|
| 942 | _cBOOK | ||
| 980 | _aNB | ||